000 00285nam a22001337a 4500
008 170713b xxu||||| |||| 00| 0 eng d
020 _a9780812695823
041 _aeng
080 _a101
100 _a24
101 _aFIL
245 _aPHILOSOPHY 9/11
_cSHANAHAN,T
942 _2udc
_cBK
999 _c20535
_d20535